| 000 | 01425nam a22002295i 4500 | ||
|---|---|---|---|
| 001 | 153358 | ||
| 003 | ES-MaACL | ||
| 005 | 20250723051957.0 | ||
| 008 | 990618s1765 sp |||| | spa d | ||
| 040 |
_aCLM _bspa _cCLM |
||
| 100 | 1 |
_aCuesta, Leonardo Antonio de la. _9126663 |
|
| 245 | 1 | 0 |
_aFeijoò critico-moral, y reflexivo de su Theatro sobre errores comunes _b: con un breve resumen de cada uno de sus discursos ... / _csu autor Don Leonardo Antonio de la Cuesta ... ; tomo nono. |
| 260 |
_aEn Madrid : _ben la oficina de Manuel Martin ..., _c1765. |
||
| 300 |
_a[2], 28, [4], 29-57, [3], 59-88, [2], 89-116, [4], 117-146, [2], 147-176, [2], 177-203, [4], 205-233, [2], 235-262, [4], 263-290, [4], 291-319, [3], 321-346, [6], 347-373, [5], 375-401, [5], 403-430, [4], 431-457 p., [1] en bl. ; _c8º. |
||
| 597 | _aSign. : A-2H\p8\s, 2I\p7\s. | ||
| 597 | _aCada discurso con portadilla propia. | ||
| 600 | 1 | 7 |
_aFeijoo, Benito Jerónimo, _d1676-1764. _tTeatro crítico universal- _vCrítica e interpretación _2 _9127028 |
| 700 | 1 | 1 |
_aMartín, Manuel, _eimp. _977344 |
| 752 |
_aEspaña - _dMadrid |
||
| 852 |
_aES-MaACL _jR-1262 _z-- Enc. perg. _x-- Edic.: el ejemp. descrito en CCPB debe estar incompleto. Añadir en T300 [2] en bl., [2], 459-486 p., [2] en bl. y las sign. acaban en 2L\p8\s -- En colofón (p. 484) consta: "Hallaràse todos los martes en la librería de Castillo ..." |
||
| 999 |
_c153358 _d153358 |
||